Responses for Show #5474 - Thursday, May 29, 2008

Contestants

[<< previous game]

Alison Becker, a researcher from Los Angeles, California

Steve Frappier, a high school college counselor from Miami, Florida

Pat Roche, a trainer from East Greenbush, New York (whose 1-day cash winnings total $13,700)

[next game >>]

Jeopardy! Round responses

THE 20th CENTURY
I DO
FABRICS
LITERARY LOCALES
NUMBERS
FAMILIAR PHRASES
    $200 1
Dizzy

Alison
    $200 11
Eddie Murphy

Alison
    $200 26
fishnet

Pat
    $200 2
(Steve: What is Uncle Tom's Cabin?)

Gone With the Wind

SteveAlison
    $200 21
6

Pat
    $200 16
the pen

Pat
    $400 7
"Che" Guevara

Alison
    $400 12
(Pat: Who is Emmanuel Lewis?)

Gary Coleman

PatSteve
    $400 27
chiffon

Alison
    $400 3
Holden Caulfield

Pat
    $400 22
4

Pat
    $400 17
looking for work

Pat
    $600 8
the Third Reich

Alison
    $600 13
(Katherine) Heigl

Alison
    $2,500 28
(Alex: The Man in the Gray [*] Suit. You got it.)

flannel

Alison
    $600 4
All Quiet on the Western Front

Steve
    $600 23
3

Steve
    $600 18
footprints

Pat
    $800 9
[Note: "Guerillas" appeared on screen.]

the Viet Cong

Pat
    $800 14
(Steve: Who is Fantasia?)

Katharine McPhee

Steve
Triple Stumper
    $800 29
velvet

Alison
    $800 5
Harlem

Pat
    $800 24
35

Steve
    $800 19
a pickle

Alison
    $1000 10
Czechoslovakia

Alison
    $1000 15
(Pat: Who is Jacques Chirac?)

(Nicolas) Sarkozy

PatAlison
    $1000 30
cashmere

Steve
    $1000 6
Cannery Row

Alison
    $1000 25
(Alison: What is 5?)
...
(Alex: [*], yes. There are two syllables in each iamb.)

10

SteveAlison
    $1000 20
more bang for your buck

Pat

Scores at the first commercial break (after clue 15):

Pat Steve Alison
$600 $0 $5,200

Scores at the end of the Jeopardy! Round:

Pat Steve Alison
$3,600 $3,400 $8,700

Double Jeopardy! Round responses

WHAT "A" COUNTRY!
BROADWAY BEFORE & AFTER
ARCHITECTURE
WE'RE IN BUSINESS
HORSE & BUGGY
"IS" THAT SO?
    $400 3
Algeria

Pat
    $400 2
The King and I.M. Pei

Pat
    $400 1
an attic

Alison
    $400 13
Countrywide

Pat
    $400 19
a hoof

Alison
    $400 5
(Alison: Who is Hathor?)

Isis

PatAlison
    $800 4
Antigua

Alison
    $800 11
My Fair Lady Marmalade

Alison
    $800 9
(Pat: What is Victorian?)

Anne

PatAlison
    $800 14
[Alex spells the companies when giving the correct response.]

Cisco & Sysco

Triple Stumper
    $800 20
eyes

Pat
    $800 15
Isabella

Pat
    $1200 6
Azerbaijan

Steve
    $1200 12
A Chorus Line of scrimmage

Triple Stumper
    $1200 10
van der Rohe

Alison
    $1200 24
(Steve: What is life insurance?)

health insurance

SteveAlison
    $1200 21
hexagon

Pat
    $1200 16
Ishtar

Pat
    $4,000 7
Angola

Steve
    $1600 26
Finian's Rainbow trout

Triple Stumper
    $2,000 25
(Alison: What...is...Aramco?)

BP or British Petroleum

Alison
    $1600 22
(Pat: What is a calico?)

a pinto

Pat
Triple Stumper
    $1600 17
Istanbul

Alison
    $2000 8
Albania

Pat
    $2000 27
Sunday in the Park with George Orwell

Alison
    $2000 28
[The end-of-round signal sounds.]

Con Ed

Triple Stumper
    $2000 23
Saratoga Springs

Alison
    $2000 18
Ismene

Triple Stumper

Scores at the end of the Double Jeopardy! Round:

Pat Steve Alison
$8,800 $7,400 $17,500

[wagering suggestions for these scores]

Final Jeopardy! Round responses

ANNUAL SPORTING EVENTS
(Alex: The fellows were on the right track, it has to do with automobiles, but it's not the Daytona 500, it's [*]. Big stadium, lots of folks, every year.)
SteveWhat is the Dayton 500?
$3,000
PatWhat is the Daytona 500
$8,800
AlisonWhat is the Rose Bowl
$500
the Indy 500

Final scores:

Pat Steve Alison
$0 $4,400 $17,000
3rd place: $1,000 2nd place: $2,000 New champion: $17,000

Game dynamics:

Coryat scores:

Pat Steve Alison
$8,800 $5,000 $17,600
19 R,
4 W
8 R
(including 1 DD),
3 W
23 R
(including 1 DD),
3 W
(including 1 DD)

Combined Coryat: $31,400

[game clues] [game scores] [suggest correction]

Game tape date: 2008-02-20
The J! Archive is created by fans, for fans. Scraping, republication, monetization, and malicious use prohibited; this site may use cookies and collect identifying information. See terms. The Jeopardy! game show and all elements thereof, including but not limited to copyright and trademark thereto, are the property of Jeopardy Productions, Inc. and are protected under law. This website is not affiliated with, sponsored by, or operated by Jeopardy Productions, Inc. Join the discussion at JBoard.tv.